| 000 | 00351nam a2200109Ia 4500 | ||
|---|---|---|---|
| 008 | 231017s9999 xx 000 0 und d | ||
| 245 | 0 | _aNCHRP Report 525: Surface Transportation Security Volume 15: Costing Asset Protection: An All Hazards Guide for Transportation Agencies (CAPTA) | |
| 245 | 0 | _cTRB | |
| 260 | _bTRB | ||
| 300 | _c30cm | ||
| 942 | _cREP | ||
| 999 |
_c603683 _d603683 |
||